Statistiken für Die Katholischen Zehn Gebote

Klicken Sie hier um das Quiz zu spielen!

Allgemein

  • Dieses Quiz wurde 134 mal gespielt
  • Das Durchschnittsergebnis liegt bei 8 aus 10

Antwortstatistiken

#Ich bin der HERR, dein Gott.% Korrekt
4Du sollst Vater und Mutter {ehren}.
99%
5Du sollst nicht {morden}.
97%
7Du sollst nicht {stehlen}.
93%
1Du sollst keine anderen {Götter} neben mir haben.
88%
2Du sollst den {Namen} Gottes nicht verunehren.
83%
10Du sollst nicht begehren deines Nächsten {Gut}.
82%
9Du sollst nicht begehren deines Nächsten {Frau}.
77%
6Du sollst nicht {ehebrechen}.
64%
8Du sollst nicht {falsch} gegen deinen Nächsten {aussagen}.
63%
3Du sollst den {Tag} des Herrn heiligen.
57%

Verteilung der Resultate

Perzentil nach korrekt beantworteten Fragen

Anzahl Personen mit jedem Resultat

Ihre Resultats-Entwicklung

Sie haben dieses Quiz noch nicht gespielt